Forge of Empires Time zones - Statistics

General Stats
  • This quiz has been taken 21 times
  • The average score is 9 of 16
Answer Stats
Time zone % Correct
Bronze Age
100%
Iron Age
100%
Stone Age
84%
Modern Era
79%
The Future
63%
Postmodern Era
58%
Early Middle Ages
53%
Industrial Age
53%
Late Middle Ages
53%
High Middle Ages
47%
Colonial Age
42%
Progressive Era
42%
Arctic Future
37%
Contemporary Era
37%
Oceanic Future
37%
Tomorrow
37%
No matching quizzes found
Score Distribution
Percent of People with Each Score
Percentile by Number Answered
Your Score History
You have not taken this quiz